|
|
|
|
| LEADER |
00000nas a2200000 a 4500 |
| 001 |
vtls001428475 |
| 003 |
SK-MaSNL |
| 005 |
20260228160455.0 |
| 008 |
180813d19351935xo u e 0 0 0slo c |
| 035 |
|
|
|a SNK000383473
|
| 040 |
|
|
|a SNK
|b slo
|c SNK
|e AACR2
|
| 041 |
0 |
|
|a slo
|a cze
|
| 044 |
|
|
|a xo
|c SK
|
| 072 |
|
7 |
|a 71
|x Územné plánovanie. Urbanizmus. Pamiatková starostlivosť
|2 konspekt
|
| 072 |
|
7 |
|a 615.8
|x Fyzioterapia. Psychoterapia. Alternatívna medicína
|2 konspekt
|
| 080 |
|
|
|a 711.455:615.838
|2 2011
|
| 080 |
|
|
|a 615.838
|2 2011
|
| 080 |
|
|
|a 050
|2 2011
|
| 080 |
|
|
|a (051)-048.55
|2 2011
|
| 245 |
0 |
0 |
|a Trenčianske Teplice
|b kúpeľný zpravodaj : spoločenský týždeník pre propagáciu slovenských kúpeľov a cudzinecký ruch : príloha Československej vzájomnosti
|
| 260 |
|
|
|a Trenčianske Teplice
|b Redakčný krúžok Štefánikovej spoločnosti
|c 1935
|e Ilava
|f Ilavská kníhtlačiareň
|
| 300 |
|
|
|a 1 zv.
|c 29 x 22 cm
|
| 310 |
|
|
|a 1x týždenne
|
| 362 |
0 |
|
|a Roč. 1, č. 1 (15. mája 1935)-roč. 1, č. 20 (25. spet. 1935)
|
| 546 |
|
|
|a Text aj čes.
|
| 650 |
0 |
7 |
|a kúpele
|2 SNKPH
|9 1139
|
| 650 |
0 |
7 |
|a balneoterapia
|2 SNKPH
|9 1141
|
| 655 |
|
7 |
|a špecializované časopisy
|2 SNKPH
|9 70509
|
| 770 |
0 |
|
|t Československá vzájomnosť
|
| 910 |
|
|
|a snk
|
| 999 |
|
|
|c 2707
|d 4637
|
| 952 |
|
|
|0 0
|1 0
|4 0
|7 0
|a SNK
|b SNK
|d 2002-02-05
|l 0
|o snkČSB 2800/1/1935
|p 17A0367443
|r 2005-01-02 00:00:00
|w 2026-02-21
|y PREZ
|